Agriculture: (Record no. 186828)
[ view plain ]
| 000 -LEADER | |
|---|---|
| fixed length control field | 00607nam a22001817a 4500 |
| 005 - DATE AND TIME OF LATEST TRANSACTION | |
| control field | 20220321102802.0 |
| 010 ## - LCCN (DPL NO) | |
| LC control number | ENG-132029 |
| 020 ## - INTERNATIONAL STANDARD BOOK NUMBER | |
| International Standard Book Number | 9789385471698 |
| Terms of availability | 90.00 |
| 035 ## - SYSTEM CONTROL NUMBER | |
| System control number | EN-115561 |
| 037 ## - SOURCE OF ACQUISITION | |
| Source of stock number/acquisition | DBAD |
| 082 ## - DEWEY DECIMAL CLASSIFICATION NUMBER | |
| Classification number | 630 |
| 100 ## - MAIN ENTRY--PERSONAL NAME | |
| Personal name | Rajamani, V. |
| 245 ## - TITLE STATEMENT | |
| Title | Agriculture: |
| Remainder of title | Self Learning/Examination Oriented/Practical Guide/ |
| Statement of responsibility, etc | V. Rajamani |
| 260 ## - PUBLICATION, DISTRIBUTION, ETC. (IMPRINT) | |
| Place of publication, distribution, etc | Chennai |
| Name of publisher, distributor, etc | Unique Media Integrators |
| Date of publication, distribution, etc | 2017 |
| 270 ## - ADDRESS | |
| Address | No. 8, 6th Cross, 8th Main Road, Vaishavi Nagar, Thirumullaivoyal |
| City | Chennai |
| Postal code | 600109 |
| Electronic mail address | umi.infobooks@gmail.com |
| 300 ## - PHYSICAL DESCRIPTION | |
| Extent | 96p |
| Dimensions | 21cm(pbk) |
| 942 ## - ADDED ENTRY ELEMENTS (KOHA) | |
| Source of classification or shelving scheme | Dewey Decimal Classification |
| Item type | English Books |
| Classification part | 630 |
| Call number suffix | RAJ |
| Withdrawn status | Lost status | Not for loan | Collection code | Home library | Current library | Date acquired | Source of acquisition | Cost, normal purchase price | Full call number | Barcode | Copy number | Cost, replacement price | Koha item type |
|---|---|---|---|---|---|---|---|---|---|---|---|---|---|
| Non-fiction | Central Library | Central Library | 21/03/2022 | DBAD/PUB | 90.00 | 630 RAJ | EN-115561 | 1 | 90.00 | English Books |
